[Event "European Blitz 2017"]
[Site "Katowice POL"]
[Date "2017.12.15"]
[Round "20.57"]
[White "Zimina, Olga"]
[Black "Stocek, Jiri"]
[Result "0-1"]
[WhiteTitle "IM"]
[BlackTitle "GM"]
[WhiteElo "2415"]
[BlackElo "2566"]
[WhiteFideId "4132190"]
[BlackFideId "304760"]
[EventDate "2017.12.15"]
[EventType "blitz"]

1. Nf3 d5 2. c4 d4 3. g3 Nc6 4. Bg2 e5 5. d3 Bb4+ 6. Bd2 a5 7. O-O h6 8. Na3 Nf6
9. Nc2 O-O 10. a3 Bxd2 11. Qxd2 a4 12. Nb4 Na5 13. Qc2 Nb3 14. Rad1 Re8 15. Nd2
Nc5 16. Nd5 Nxd5 17. cxd5 b6 18. d6 Ra7 19. dxc7 Rxc7 20. Qb1 Bg4 21. Rfe1 b5
22. Rc1 Qe7 23. b3 axb3 24. Nxb3 Na4 25. Rxc7 Qxc7 26. e3 Nc3 27. Qc2 Rd8 28.
exd4 exd4 29. Qd2 Be6 30. Nc1 Qa5 31. Qb2 Nb1 32. Qb4 Qxb4 33. axb4 Na3 34. Ne2
Nc2 35. Rb1 Bf5 36. Nc1 Re8 37. Bc6 Re1+ 38. Kg2 Bxd3 39. Nxd3 Rxb1 40. Bxb5
Nxb4 0-1

[Event "European Blitz 2017"]
[Site "Katowice POL"]
[Date "2017.12.15"]
[Round "20.58"]
[White "Pulpan, Jakub"]
[Black "Szadkowski, Kamil"]
[Result "0-1"]
[WhiteTitle "IM"]
[WhiteElo "2400"]
[BlackElo "2291"]
[WhiteFideId "302759"]
[BlackFideId "1123203"]
[EventDate "2017.12.15"]
[EventType "blitz"]

1. d4 Nf6 2. g3 e6 3. Bg2 d5 4. c4 Be7 5. Nf3 dxc4 6. O-O O-O 7. Qc2 a6 8. a4
Bd7 9. Nc3 Bc6 10. Rd1 a5 11. e4 Na6 12. d5 exd5 13. e5 Nb4 14. Qf5 g6 15. Qh3
Nd7 16. Bh6 Re8 17. e6 Nc5 18. exf7+ Kxf7 19. Ne5+ Kg8 20. Be3 Qc8 21. Ng4 Nc2
22. Nxd5 Nxe3 23. fxe3 Qe6 24. Nxc7 Bxg2 25. Qxg2 Qxg4 26. Nxa8 Rxa8 27. Qd5+
Qe6 28. Qf3 Rf8 29. Qe2 Nd3 30. Rf1 Re8 31. Rf3 Bc5 32. Kg2 Qe4 33. Rf1 Ne5 34.
Kh3 Nxf3 35. Rxf3 g5 36. g4 Bxe3 37. Qd1 Bf4 38. Rf2 Qd3+ 39. Qf3 Re3 40. Rc2
Rxf3+ 41. Kg2 Qxc2+ 42. Kh1 Rf1# 0-1

[Event "European Blitz 2017"]
[Site "Katowice POL"]
[Date "2017.12.15"]
[Round "20.59"]
[White "Tokranovs, Dmitrijs"]
[Black "Gdanski, Jacek"]
[Result "1-0"]
[WhiteTitle "FM"]
[BlackTitle "GM"]
[WhiteElo "2348"]
[BlackElo "2458"]
[WhiteFideId "11603011"]
[BlackFideId "1100106"]
[EventDate "2017.12.15"]
[EventType "blitz"]

1. e4 e6 2. d4 d5 3. exd5 exd5 4. Nc3 c6 5. Bd3 Bd6 6. Nge2 Ne7 7. Bg5 Qc7 8.
Qd2 Nd7 9. O-O-O b5 10. Ng3 f6 11. Be3 Nb6 12. Rhe1 O-O 13. Qe2 Nc4 14. Qf3 Qa5
15. Bxc4 bxc4 16. Bf4 Bb4 17. a3 Bxc3 18. Qxc3 Qxc3 19. bxc3 Ng6 20. Bd6 Rd8 21.
Bc5 Bd7 22. f3 a6 23. Kd2 Nf4 24. Re7 Ng6 25. Ree1 1-0

[Event "European Blitz 2017"]
[Site "Katowice POL"]
[Date "2017.12.15"]
[Round "20.61"]
[White "Narva, Mai"]
[Black "Kreisl, Robert"]
[Result "1-0"]
[WhiteTitle "WIM"]
[BlackTitle "IM"]
[WhiteElo "2211"]
[BlackElo "2440"]
[WhiteFideId "4500512"]
[BlackFideId "1613880"]
[EventDate "2017.12.15"]
[EventType "blitz"]

1. e4 c6 2. Nf3 d5 3. Nc3 dxe4 4. Nxe4 Nf6 5. Nxf6+ exf6 6. d4 Bd6 7. Bd3 O-O 8.
O-O Bg4 9. c4 Nd7 10. Bc2 Re8 11. Qd3 Nf8 12. b3 Bc7 13. Bb2 Qd6 14. g3 Bh5 15.
Nh4 Bg6 16. Nxg6 hxg6 17. Rfe1 f5 18. a4 Nh7 19. Ba3 Qf6 20. d5 Red8 21. Be7 Qb2
22. Reb1 Qe5 23. Re1 Qb2 24. Rab1 Qa2 25. Qc3 cxd5 26. cxd5 Ba5 27. Qxa5 Qxc2
28. Bxd8 1-0

[Event "European Blitz 2017"]
[Site "Katowice POL"]
[Date "2017.12.15"]
[Round "20.62"]
[White "Licznerski, Lukasz"]
[Black "Olkhovskiy, Alexander"]
[Result "1-0"]
[WhiteTitle "FM"]
[WhiteElo "2267"]
[BlackElo "2145"]
[WhiteFideId "1179250"]
[BlackFideId "34188611"]
[EventDate "2017.12.15"]
[EventType "blitz"]

1. e4 Nf6 2. e5 Nd5 3. d4 d6 4. c4 Nb6 5. exd6 exd6 6. h3 Bf5 7. Nc3 Nc6 8. Be3
Be7 9. Nf3 O-O 10. d5 Ne5 11. Nxe5 dxe5 12. Be2 c6 13. dxc6 bxc6 14. O-O Qc7 15.
b3 Ba3 16. Qe1 Rfd8 17. Rd1 Bb4 18. Rxd8+ Rxd8 19. Qc1 Bd3 20. Bxd3 Rxd3 21. Ne4
Qd7 22. Nc5 Bxc5 23. Bxc5 h6 24. Qa3 Rd2 25. Qa6 Nc8 26. Be3 Rd1 27. Rxd1 Qxd1+
28. Kh2 Qd7 29. Qa5 f6 30. Qc5 Kh7 31. a4 Qb7 32. b4 Nb6 33. a5 Na4 34. Qxa7
Qxb4 35. a6 c5 36. Qb7 Qa5 37. a7 Nb6 38. Qxb6 1-0

[Event "European Blitz 2017"]
[Site "Katowice POL"]
[Date "2017.12.15"]
[Round "20.63"]
[White "Vaicekauskas, Gytis"]
[Black "Jahncke, Giso"]
[Result "0-1"]
[BlackTitle "FM"]
[WhiteElo "2210"]
[BlackElo "2403"]
[WhiteFideId "12805459"]
[BlackFideId "24608289"]
[EventDate "2017.12.15"]
[EventType "blitz"]

1. e4 d5 2. exd5 Nf6 3. c4 e6 4. Nc3 exd5 5. d4 Bb4 6. Nf3 O-O 7. Be3 Ng4 8. Qb3
Nxe3 9. fxe3 Bxc3+ 10. Qxc3 Bg4 11. Be2 dxc4 12. Qxc4 Qe7 13. Qc3 Re8 14. Kf2
Nd7 15. Rhe1 c5 16. Rad1 Rac8 17. d5 Nf6 18. Qb3 c4 19. Bxc4 Ne4+ 20. Kg1 Bxf3
21. gxf3 Qg5+ 22. Kf1 Nc5 23. Qa3 Qh4 24. Rd2 Ne4 25. fxe4 Rxc4 26. d6 Qxe4 27.
d7 Rd8 28. Qd3 Qh1+ 29. Ke2 Qxh2+ 30. Kd1 Qh5+ 31. Qe2 Qc5 32. Qd3 Rc1+ 33. Ke2
Qh5+ 0-1

[Event "European Blitz 2017"]
[Site "Katowice POL"]
[Date "2017.12.15"]
[Round "20.64"]
[White "Jaroch, Karol"]
[Black "Sieciechowicz, Marcin"]
[Result "0-1"]
[BlackTitle "IM"]
[WhiteElo "2252"]
[BlackElo "2387"]
[WhiteFideId "1130609"]
[BlackFideId "1130170"]
[EventDate "2017.12.15"]
[EventType "blitz"]

1. e4 e6 2. d4 d5 3. e5 c5 4. c3 Qb6 5. Nf3 Nc6 6. Be2 cxd4 7. cxd4 Nh6 8. b3
Nf5 9. Bb2 a5 10. g4 Nfe7 11. Nc3 Ng6 12. Na4 Qd8 13. Qd2 Bb4 14. Nc3 a4 15.
bxa4 Rxa4 16. a3 Bxc3 17. Bxc3 O-O 18. Bb5 Ra8 19. h4 Bd7 20. Bd3 Re8 21. Ng5
Na5 22. Nxh7 Nb3 23. Nf6+ Qxf6 24. exf6 Nxd2 25. Kxd2 gxf6 26. Ke3 e5 27. Bxg6
fxg6 28. g5 exd4+ 29. Kxd4 Ra4+ 30. Kd3 Bb5+ 31. Kc2 Re2+ 32. Kb3 d4 33. Bb4 Ra8
34. gxf6 Bc6 35. Kc4 Bxh1 36. Rxh1 Kf7 37. h5 gxh5 38. Rxh5 Kxf6 39. Kxd4 Rxf2
40. Rb5 Rb8 41. Ke3 Rf5 42. Bc3+ Ke6 43. Rb6+ Kd5 44. Rb5+ Ke6 45. Rb6+ Kd7 46.
Ke4 Rc5 47. Bd4 Rc6 48. Rb5 Re8+ 49. Kd5 Kc8 50. Be5 Rd8+ 51. Ke4 Rc4+ 52. Kf5
Rf8+ 53. Ke6 Re8+ 54. Kd5 Rc6 55. Kd4 Rd8+ 56. Ke4 Rd1 57. Kf5 Rf1+ 58. Ke4 Re1+
59. Kd5 Re3 60. a4 Rd3+ 61. Ke4 Ra3 62. a5 Ra4+ 63. Kd5 Ra2 64. Bd4 Rd2 65. Ke5
Re2+ 66. Kd5 Rg2 67. Ke4 Rg4+ 68. Kd3 Rd6 69. Rb4 Rg5 70. Ra4 Rdd5 71. a6 bxa6
72. Rxa6 Rg4 73. Ra4 Kd7 74. Rb4 Rh5 75. Kc4 Rhh4 76. Kd5 Rh5+ 77. Kc4 Kc6 78.
Rb6+ Kc7 79. Rb4 Rh1 80. Kd5 Rd1 81. Rc4+ Kd7 82. Ra4 Rg5+ 83. Kc4 Rxd4+ 84.
Kxd4 0-1

[Event "European Blitz 2017"]
[Site "Katowice POL"]
[Date "2017.12.15"]
[Round "20.65"]
[White "Klabis, Rokas"]
[Black "Shkapenko, Pavel"]
[Result "1/2-1/2"]
[WhiteTitle "FM"]
[BlackTitle "IM"]
[WhiteElo "2366"]
[BlackElo "2431"]
[WhiteFideId "12805246"]
[BlackFideId "4151933"]
[EventDate "2017.12.15"]
[EventType "blitz"]

1. e4 c5 2. Nc3 a6 3. g3 b5 4. Bg2 Bb7 5. d3 b4 6. Nd5 e6 7. Ne3 Nf6 8. Ne2 d5
9. exd5 Nxd5 10. Nxd5 Bxd5 11. Bxd5 Qxd5 12. O-O Nc6 13. Nf4 Qd7 14. Re1 Be7 15.
Qg4 g6 16. Be3 Rd8 17. a3 e5 18. Qxd7+ Rxd7 19. Ne2 b3 20. cxb3 Rxd3 21. Rac1
Rxb3 22. Bxc5 Rxb2 23. Bxe7 Nxe7 24. Nc3 f6 25. f4 O-O 26. fxe5 fxe5 27. Rxe5
Nc6 28. Re2 Rxe2 29. Nxe2 Ne5 30. Rc5 Rf5 31. Kg2 Nd3 32. Rxf5 gxf5 33. Nd4 f4
34. gxf4 1/2-1/2

[Event "European Blitz 2017"]
[Site "Katowice POL"]
[Date "2017.12.15"]
[Round "20.66"]
[White "Meissner, Felix"]
[Black "Widla, Piotr"]
[Result "1/2-1/2"]
[WhiteTitle "FM"]
[WhiteElo "2333"]
[BlackElo "2046"]
[WhiteFideId "24671827"]
[BlackFideId "1132164"]
[EventDate "2017.12.15"]
[EventType "blitz"]

1. e4 c5 2. Nf3 d6 3. d4 cxd4 4. Nxd4 Nf6 5. f3 a6 6. c4 e6 7. Nc3 Be7 8. Be3 b6
9. Be2 Bb7 10. O-O O-O 11. Qd2 Nbd7 12. Rfc1 Rc8 13. a4 Qc7 14. a5 bxa5 15. Nb3
a4 16. Nxa4 Qb8 17. Na5 Nc5 18. Nb6 Rcd8 19. b4 Ncd7 20. Nxb7 Qxb7 21. Nxd7 Nxd7
22. Rab1 Rb8 23. Bf1 Rfc8 24. Bd4 Ne5 25. c5 h6 26. Kh1 Nc6 27. cxd6 Bxd6 28.
Bxg7 Kxg7 29. Qxd6 Ne7 30. Bxa6 Rxc1+ 31. Rxc1 Qxb4 32. Qg3+ Ng6 33. Qe1 Qb6 34.
Bf1 Rd8 35. Qc3+ Qd4 36. Qxd4+ Rxd4 37. Rc2 h5 38. g3 h4 39. Kg2 hxg3 40. hxg3
Ra4 41. Be2 Ra3 42. Rd2 Ne5 43. f4 Nc6 44. e5 Nb4 45. Bf3 Rb3 46. Be4 Rc3 47.
Kf2 Rc4 48. Re2 Rc3 49. g4 Nc6 50. Bxc6 Rxc6 51. Re3 Kg6 52. Kg3 Rc1 53. Kg2
Rc2+ 54. Kg3 Rc1 55. Re2 Rc3+ 56. Kg2 Rc4 57. Kf3 Rc3+ 58. Re3 Rc1 59. Ra3 Rh1
60. Kg2 Rd1 61. Ra8 Rd2+ 62. Kg3 Rd3+ 63. Kg2 Rd2+ 64. Kf3 Rd3+ 65. Kf2 Rd2+ 66.
Ke3 Rg2 67. Kf3 Rc2 68. Rg8+ Kh7 69. Rg5 Rc3+ 70. Ke4 Rc4+ 71. Ke3 Rc3+ 72. Kd4
Rf3 73. Ke4 Rb3 74. f5 Rb4+ 75. Kf3 Rb3+ 76. Kf4 Rb4+ 77. Kg3 Rb3+ 78. Kh4 exf5
79. gxf5 Re3 80. f6 Kh6 81. Rh5+ Kg6 82. Rg5+ Kh6 83. Kg4 Re4+ 84. Kf3 Re1 85.
Rg7 Rxe5 86. Rxf7 1/2-1/2

[Event "European Blitz 2017"]
[Site "Katowice POL"]
[Date "2017.12.15"]
[Round "20.67"]
[White "Terletsky, Oleg"]
[Black "Janaszak, Dawid"]
[Result "0-1"]
[WhiteTitle "FM"]
[BlackTitle "FM"]
[WhiteElo "2384"]
[BlackElo "2372"]
[WhiteFideId "14116774"]
[BlackFideId "1119206"]
[EventDate "2017.12.15"]
[EventType "blitz"]

1. e4 c5 2. Nf3 Nc6 3. d4 cxd4 4. Nxd4 g6 5. c4 Qb6 6. Nb3 Bg7 7. Be3 Qc7 8. Nc3
Nf6 9. Be2 O-O 10. O-O d6 11. Nd4 Qb8 12. Qd2 Bd7 13. Rae1 Nxd4 14. Bxd4 Bc6 15.
Bd3 a6 16. f4 e5 17. fxe5 dxe5 18. Be3 Ng4 19. Bb6 Qd6 20. Kh1 f5 21. c5 Qe7 22.
exf5 Qh4 0-1

[Event "European Blitz 2017"]
[Site "Katowice POL"]
[Date "2017.12.15"]
[Round "20.68"]
[White "Troyke, Christian"]
[Black "Zaleski, Lukasz"]
[Result "0-1"]
[WhiteTitle "IM"]
[WhiteElo "2348"]
[BlackElo "2229"]
[WhiteFideId "4616278"]
[BlackFideId "1172611"]
[EventDate "2017.12.15"]
[EventType "blitz"]

1. g3 Nf6 2. Bg2 e6 3. Nf3 Be7 4. O-O O-O 5. c4 c5 6. b3 Qc7 7. Bb2 b6 8. d3 Bb7
9. Nc3 d5 10. e3 a6 11. Qe2 dxc4 12. bxc4 Rd8 13. Rab1 Nc6 14. Ba1 Rd7 15. Rfd1
Rad8 16. Ne1 Ne5 17. f4 Nc6 18. a3 Na5 19. Qb2 Bxg2 20. Kxg2 Qc6+ 21. Kg1 Rb7
22. Qg2 Ng4 23. Nc2 Bf6 24. Ne4 Bxa1 25. Rxa1 Rbd7 26. Nf2 Qxg2+ 27. Kxg2 Nxf2
28. Kxf2 Nxc4 29. Ke2 Nb2 30. Rd2 Nxd3 31. Nd4 Nxf4+ 32. gxf4 cxd4 33. e4 g6 34.
Rb1 b5 35. Rc1 a5 36. Rc5 Rb7 37. Kd3 b4 38. Rxa5 b3 39. Rb2 Rc8 40. Kxd4 Rc1
41. a4 Rd7+ 42. Ke5 Rc3 43. Rb5 Rdd3 44. a5 Kg7 45. Rb7 Rc5# 0-1

[Event "European Blitz 2017"]
[Site "Katowice POL"]
[Date "2017.12.15"]
[Round "20.69"]
[White "Snihur, Piotr"]
[Black "Stojcevski, Zoran"]
[Result "1/2-1/2"]
[BlackTitle "FM"]
[WhiteElo "2233"]
[BlackElo "2337"]
[WhiteFideId "1157191"]
[BlackFideId "15000192"]
[EventDate "2017.12.15"]
[EventType "blitz"]

1. d4 Nf6 2. c4 e6 3. Nf3 b6 4. g3 Bb7 5. Bg2 Be7 6. O-O O-O 7. Nc3 Ne4 8. Nxe4
Bxe4 9. Bf4 f5 10. Rc1 d6 11. Qb3 Nd7 12. Rfd1 Bf6 13. Ne1 Bxg2 14. Kxg2 Qe7 15.
Nf3 Rae8 16. Be3 Kh8 17. Qa3 a5 18. c5 dxc5 19. dxc5 e5 20. cxb6 cxb6 21. Qxe7
Rxe7 22. Rc7 e4 23. Nd4 Nc5 24. Rxe7 Bxe7 25. Nc6 Bf6 26. b3 Rc8 27. Na7 Ra8 28.
Nb5 g6 29. Rd6 Bd8 30. Bd4+ Kg8 31. Bxc5 bxc5 32. Rc6 Be7 33. Rc7 Bf8 34. a4 h5
35. h4 Rd8 36. Rc6 Kf7 37. Ra6 Rd2 38. e3 Rb2 39. Rxa5 Rxb3 40. Ra6 Rb2 41. Rc6
Ra2 42. Nc3 Ra3 43. Nd5 Rxa4 44. Rc7+ Ke6 45. Nf4+ Kd6 46. Rc8 Be7 47. Nxg6 Bf6
48. Rb8 c4 49. Rb6+ Kc5 50. Rxf6 c3 51. Rxf5+ Kb4 52. Rf7 Kb3 53. Ne5 c2 54.
Rb7+ Rb4 55. Rc7 Kb2 56. Kf1 c1=Q+ 57. Rxc1 Kxc1 58. Ng6 Kd2 59. Nf4 Rb5 60. Ne6
Rb1+ 61. Kg2 Ke2 62. Nf4+ Ke1 63. Nxh5 Rb2 64. Nf6 Rxf2+ 65. Kh3 Rxf6 66. g4
Rf3+ 67. Kg2 Rxe3 68. g5 Rd3 69. g6 Rd8 70. h5 e3 71. h6 Rg8 72. g7 e2 73. Kf3
Kd2 74. h7 Rxg7 75. h8=Q Rf7+ 76. Kg2 e1=Q 77. Qd4+ Kc2 78. Qc4+ Qc3 79. Qxf7 1/2-1/2

[Event "European Blitz 2017"]
[Site "Katowice POL"]
[Date "2017.12.15"]
[Round "20.70"]
[White "Szpar, Milosz"]
[Black "Krzyzanowski, Marcin"]
[Result "1/2-1/2"]
[WhiteTitle "FM"]
[BlackTitle "IM"]
[WhiteElo "2367"]
[BlackElo "2457"]
[WhiteFideId "1184989"]
[BlackFideId "1132199"]
[EventDate "2017.12.15"]
[EventType "blitz"]

1. e4 c5 2. Nf3 d6 3. d4 cxd4 4. Qxd4 a6 5. Be3 Nc6 6. Qb6 Qxb6 7. Bxb6 Nf6 8.
Nc3 Bg4 9. Nd2 Rc8 10. f3 Be6 11. O-O-O g6 12. Be3 Bg7 13. Nc4 Bxc4 14. Bxc4 b5
15. Be2 O-O 16. Kb1 Ne5 17. Nd5 Nxd5 18. Rxd5 Nc4 19. Bc1 Rc7 20. Bxc4 Rxc4 21.
b3 Rc6 22. Bb2 Rfc8 23. Bxg7 Kxg7 24. Rc1 Kf6 25. Kb2 h5 26. Rd4 h4 27. e5+ dxe5
28. Rxh4 Ke6 29. a4 f5 30. axb5 axb5 31. Rb4 Rc5 32. c4 bxc4 33. bxc4 g5 34. Kb3
e4 35. fxe4 fxe4 36. Rd1 Ke5 37. Kc3 e3 38. Rd7 e6 39. Kd3 Rxc4 40. Rxc4 Rxc4
41. Kxe3 Rc2 42. Rd2 Rc3+ 43. Kf2 Kf5 44. Ra2 e5 45. Rd2 e4 46. Rd5+ Kf4 47. g3+
Kg4 48. h3+ Kxh3 49. Rxg5 e3+ 50. Ke2 Ra3 51. Re5 Kxg3 52. Rxe3+ Rxe3+ 53. Kxe3 1/2-1/2

[Event "European Blitz 2017"]
[Site "Katowice POL"]
[Date "2017.12.15"]
[Round "20.71"]
[White "Lupik, Marina"]
[Black "Schulz, Karsten"]
[Result "0-1"]
[WhiteTitle "WIM"]
[BlackTitle "FM"]
[WhiteElo "2190"]
[BlackElo "2293"]
[WhiteFideId "4177495"]
[BlackFideId "4611446"]
[EventDate "2017.12.15"]
[EventType "blitz"]

1. e4 d6 2. d4 Nf6 3. Bd3 e5 4. d5 g6 5. c4 Bg7 6. Nc3 O-O 7. Nf3 Nbd7 8. Be3
Ng4 9. Bg5 Bf6 10. Bd2 Bg7 11. h3 Ngf6 12. Be3 Nh5 13. Qd2 Nf4 14. Bxf4 exf4 15.
Qxf4 Nc5 16. Bc2 a5 17. O-O Re8 18. Rfe1 Qe7 19. Rad1 Bd7 20. Nb1 Bxb2 21. Nbd2
b6 22. Nb3 Bg7 23. Nbd4 Rad8 24. Nb5 Bxb5 25. cxb5 a4 26. Qc1 Qd7 27. Qb1 Re7
28. Qb4 Ra8 29. Nd4 Bxd4 30. Qxd4 Qxb5 31. e5 dxe5 32. Rxe5 Rae8 33. Rxe7 Rxe7
34. d6 cxd6 35. Qxd6 Rd7 36. Qb8+ Kg7 37. Qe5+ f6 38. Rxd7+ Qxd7 39. Qf4 Qe7 40.
Qb4 Qe2 41. Bxa4 Qxa2 42. Bb5 Qa5 43. Qb2 Qe1+ 44. Kh2 Qe5+ 45. Qxe5 fxe5 46.
Kg3 Kf6 47. Kf3 Nb3 48. Ke3 Nd4 49. Bd3 b5 50. f4 b4 51. g4 Nc6 52. fxe5+ Kxe5
53. Bc4 Ne7 54. h4 Nd5+ 55. Kd3 Nf4+ 56. Kd2 Ng2 57. h5 gxh5 58. gxh5 h6 59. Bf7
Kd4 60. Kc2 Nf4 61. Kb3 Kc5 62. Be8 Nd5 63. Bf7 Ne3 64. Bg6 Ng4 65. Be8 Ne5 66.
Ba4 Nd3 67. Be8 Nf4 68. Bf7 Nh3 69. Be8 Ng5 70. Bg6 Nf3 71. Be8 Nd4+ 72. Kb2 Kc4
73. Bf7+ Kd3 74. Bg6+ Kc4 75. Bf7+ Kc5 76. Bg6 Kd6 77. Bf7 Ke7 78. Bg6 Kf6 79.
Kc1 Ne6 80. Kb2 Nc5 81. Kc2 Kg5 82. Kb2 Ne6 83. Kb3 Nf4 84. Be8 Nxh5 85. Kxb4
Nf6 86. Bc6 Kf4 87. Kc3 Ke3 88. Kc2 h5 89. Kd1 Kf2 90. Kd2 h4 91. Kd3 h3 92. Kd4
h2 93. Ke5 Ng4+ 94. Kf4 Ne3 95. Bh1 Ng2+ 96. Kg4 Kg1 97. Kf3 Kxh1 98. Kf2 Nh4
99. Kf1 Ng6 100. Kf2 Ne5 101. Kf1 Nd3 102. Ke2 Kg2 103. Kxd3 h1=Q 104. Kd4 0-1

[Event "European Blitz 2017"]
[Site "Katowice POL"]
[Date "2017.12.15"]
[Round "20.72"]
[White "Barski, Radoslaw"]
[Black "Kovalev, Vladislav"]
[Result "0-1"]
[WhiteTitle "IM"]
[BlackTitle "GM"]
[WhiteElo "2452"]
[BlackElo "2639"]
[WhiteFideId "1131710"]
[BlackFideId "13504398"]
[EventDate "2017.12.15"]
[EventType "blitz"]

1. e4 e5 2. Nf3 Nc6 3. Bb5 a6 4. Ba4 Nf6 5. O-O Be7 6. Re1 b5 7. Bb3 d6 8. c3
O-O 9. h3 Bb7 10. d4 Re8 11. Nbd2 exd4 12. cxd4 Nd7 13. Nf1 Na5 14. Bc2 Bf6 15.
Rb1 c5 16. d5 Nc4 17. b3 Nce5 18. N3h2 Ng6 19. Ng3 Be5 20. Nf5 Nh4 21. Ne3 Nf6
22. g3 Ng6 23. f4 Bc3 24. f5 Bxe1 25. Qxe1 Nf8 26. Neg4 Nxe4 27. Bxe4 Bxd5 28.
Bb2 Bxe4 29. Qd2 f6 30. Rf1 d5 31. Nh6+ gxh6 32. Qxh6 Nd7 33. Rf4 Qe7 34. Ng4
Rf8 35. Nxf6+ Rxf6 36. Rg4+ Kh8 37. Rg6 Rf8 0-1

[Event "European Blitz 2017"]
[Site "Katowice POL"]
[Date "2017.12.15"]
[Round "20.73"]
[White "Orndahl, Markus"]
[Black "Polzin, Rainer"]
[Result "0-1"]
[BlackTitle "GM"]
[WhiteElo "2182"]
[BlackElo "2404"]
[WhiteFideId "1709135"]
[BlackFideId "4610741"]
[EventDate "2017.12.15"]
[EventType "blitz"]

1. d4 Nf6 2. Nf3 g6 3. Bf4 d6 4. h3 c5 5. c3 Qb6 6. Qb3 Be6 7. Qxb6 axb6 8. Na3
Nc6 9. e3 Bg7 10. Be2 O-O 11. O-O Nd5 12. Bh2 Nc7 13. Rfd1 Ra4 14. Nd2 Rfa8 15.
Ndc4 Bxc4 16. Bxc4 Rxa3 17. bxa3 Rxa3 18. Rdc1 b5 19. Bf1 c4 20. Rc2 Kf8 21. Rb1
Ke8 22. Bf4 e5 23. Bg3 Ke7 24. f3 f5 25. Bf2 Kd7 26. Rd1 exd4 27. exd4 Nd5 28.
Be1 Ne3 29. Rdc1 Nxc2 30. Rxc2 d5 31. g4 b4 32. cxb4 Nxd4 33. Rc1 Nxf3+ 34. Kg2
Nxe1+ 35. Rxe1 Rxa2+ 36. Kf3 fxg4+ 37. hxg4 c3 38. Bd3 Bh6 39. Re2 Rxe2 40. Kxe2
Kd6 41. Bc2 Ke5 42. Kf3 b5 43. Ke2 Bf8 44. Bd3 Bxb4 45. Bc2 Be7 46. Bb3 d4 47.
Kd3 Bc5 48. Bd1 Kf4 49. Be2 Kg5 50. Bd1 h5 51. gxh5 gxh5 52. Bf3 h4 53. Bc6 Kf4
54. Kc2 0-1

[Event "European Blitz 2017"]
[Site "Katowice POL"]
[Date "2017.12.15"]
[Round "20.74"]
[White "Tomaszewski, Kacper"]
[Black "Luch, Michal"]
[Result "1-0"]
[BlackTitle "IM"]
[WhiteElo "2292"]
[BlackElo "2398"]
[WhiteFideId "1127373"]
[BlackFideId "1120042"]
[EventDate "2017.12.15"]
[EventType "blitz"]

1. d4 Nf6 2. c4 e6 3. Nc3 Bb4 4. f3 c5 5. d5 Nh5 6. Nh3 f5 7. e3 O-O 8. Bd3 e5
9. O-O Bxc3 10. bxc3 d6 11. f4 Qe8 12. fxe5 dxe5 13. e4 f4 14. Ng5 Nf6 15. Nf3
b6 16. a4 a5 17. Qb3 Ra6 18. Nxe5 g5 19. Nf3 h6 20. e5 Ng4 21. e6 Bxe6 22. dxe6
Qxe6 23. Bd2 Qd6 24. Be4 Nd7 25. Bd5+ Kg7 26. Rae1 Ngf6 27. Re6 Qc7 28. Re7+ Kh8
29. Qc2 Qd8 30. Rfe1 Ra7 31. Qg6 1-0

[Event "European Blitz 2017"]
[Site "Katowice POL"]
[Date "2017.12.15"]
[Round "20.75"]
[White "Kanarek, Marcel"]
[Black "Lach, Aleksandra"]
[Result "1-0"]
[WhiteTitle "GM"]
[BlackTitle "WIM"]
[WhiteElo "2505"]
[BlackElo "2209"]
[WhiteFideId "1126822"]
[BlackFideId "1134299"]
[EventDate "2017.12.15"]
[EventType "blitz"]

1. e4 c5 2. Nf3 d6 3. d4 cxd4 4. Nxd4 Nf6 5. Nc3 a6 6. Bg5 e6 7. f4 h6 8. Bh4
Qb6 9. a3 Be7 10. Bf2 Qc7 11. Qf3 Nbd7 12. O-O-O Rb8 13. g4 b5 14. h4 h5 15. g5
Ng4 16. Bh3 Nxf2 17. Qxf2 Nc5 18. f5 b4 19. axb4 Rxb4 20. g6 f6 21. fxe6 Bb7 22.
Rhe1 Qa5 23. Nb3 Nxb3+ 24. cxb3 Rxb3 25. Qc2 Qa1+ 26. Kd2 Qxb2 27. Rb1 Qxc2+ 28.
Kxc2 Rxb1 29. Rxb1 Bc8 30. Nd5 1-0

[Event "European Blitz 2017"]
[Site "Katowice POL"]
[Date "2017.12.15"]
[Round "20.76"]
[White "Piotrowski, Przemyslaw"]
[Black "Miezis, Normunds"]
[Result "1-0"]
[BlackTitle "GM"]
[WhiteElo "2314"]
[BlackElo "2434"]
[WhiteFideId "1127063"]
[BlackFideId "11600136"]
[EventDate "2017.12.15"]
[EventType "blitz"]

1. d4 Nf6 2. Nf3 c5 3. d5 e6 4. c4 exd5 5. cxd5 Bd6 6. Nc3 Bc7 7. e4 d6 8. Be2
O-O 9. O-O Re8 10. Qc2 a6 11. a4 Nbd7 12. Bf4 Nf8 13. h3 Ng6 14. Bh2 Rb8 15. Nd2
Ba5 16. f4 Bxc3 17. bxc3 Nxd5 18. Nc4 Nf6 19. f5 Ne5 20. Bxe5 dxe5 21. a5 Bd7
22. Rad1 Qc7 23. g4 h6 24. h4 Bc6 25. Nd2 Red8 26. g5 hxg5 27. hxg5 Rxd2 28.
Qxd2 Nxe4 29. Qe3 Qxa5 30. g6 Qxc3 31. Rd3 Qb4 32. f6 Nxf6 33. gxf7+ Kxf7 34.
Qxe5 Qe4 35. Bh5+ Kg8 36. Qxb8+ Kh7 37. Qh2 Qxd3 38. Be2+ 1-0

[Event "European Blitz 2017"]
[Site "Katowice POL"]
[Date "2017.12.15"]
[Round "20.78"]
[White "Smolka, Marcin"]
[Black "Putka, Verners"]
[Result "1-0"]
[WhiteElo "2178"]
[BlackElo "2307"]
[WhiteFideId "1139681"]
[BlackFideId "11600659"]
[EventDate "2017.12.15"]
[EventType "swiss"]

1. e4 e5 2. Nf3 Nf6 3. Nc3 Bb4 4. Bc4 d6 5. O-O Bg4 6. h3 Bh5 7. a3 Bc5 8. d3
Nc6 9. g4 Nxg4 10. hxg4 Bxg4 11. Be3 Nd4 12. Bxd4 Bxd4 13. Kg2 h5 14. Ne2 Bb6
15. Neg1 Rh6 16. Qd2 Rg6 17. Kh2 Qf6 18. Qe2 Qf4+ 19. Kh1 Rf6 20. Kg2 h4 21. d4
Bxd4 22. Rad1 h3+ 23. Kh1 h2 24. Rxd4 hxg1=Q+ 25. Kxg1 Bxf3 26. Qd2 Rg6# 1-0

[Event "European Blitz 2017"]
[Site "Katowice POL"]
[Date "2017.12.15"]
[Round "20.79"]
[White "Dobrowolski, Piotr"]
[Black "Player, Edmund C"]
[Result "1-0"]
[WhiteTitle "IM"]
[WhiteElo "2421"]
[BlackElo "2174"]
[WhiteFideId "1106236"]
[BlackFideId "406520"]
[EventDate "2017.12.15"]
[EventType "blitz"]

1. e4 e6 2. d4 d5 3. exd5 exd5 4. Nf3 Bd6 5. c4 c6 6. Nc3 Ne7 7. Bg5 f6 8. Bh4
Bg4 9. Bd3 Qd7 10. O-O O-O 11. Re1 Nf5 12. Bg3 Nxg3 13. hxg3 dxc4 14. Bxc4+ Kh8
15. Qd3 Qf5 16. Ne4 Bc7 17. Nh4 Qh5 18. f3 Bd7 19. Kf2 b5 20. Bb3 g5 21. Rh1
gxh4 22. Rxh4 Qg6 23. Rah1 Bxg3+ 24. Kf1 Bxh4 25. Rxh4 Bf5 26. Bc2 Bxe4 27. Rxe4
Nd7 28. Qe2 Qg7 29. Bb3 Qh6 30. Re7 Qg6 31. Rxd7 Rae8 32. Qd1 Qf5 33. Rxa7 Qh5
34. Kg1 Qh6 35. Bc2 Qe3+ 36. Kf1 Qh6 37. Rxh7+ Qxh7 38. Bxh7 Kxh7 39. Qc2+ Kg7
40. Qxc6 Rf7 41. Qxe8 1-0